Statistics for Most Populated Countries Containing 'P'

Click here to take the quiz!

General Stats

  • This quiz has been taken 200 times
  • The average score is 14 of 20

Answer Stats

PopulationCountry% Correct
191 mil.Pakistan
94%
38 mil.Poland
90%
10 mil.Portugal
90%
102 mil.Philippines
89%
31 mil.Peru
88%
127 mil.Japan
81%
3 mil.Panama
81%
7 mil.Paraguay
79%
46 mil.Spain
75%
77 mil.D.R. Congo
74%
7 mil.Papua New Guinea
72%
4 mil.R. Congo
71%
89 mil.Egypt
71%
90 mil.Ethiopia
66%
28 mil.Nepal
61%
10 mil.Czech Republic
56%
10 mil.Dominican Republic
54%
5 mil.Singapore
46%
4 mil.Central African Republic
45%
858,000Cyprus
34%

Score Distribution

Percentile by Number Answered

Percent of People with Each Score

Your Score History

You have not taken this quiz